| 000 | 00745nam a2200229Ia 4500 | ||
|---|---|---|---|
| 003 | GCL | ||
| 008 | 140319s9999 xx 000 0 ara d | ||
| 020 | _a0100001977 | ||
| 040 |
_aGCL / _cGCL |
||
| 082 | 0 | 4 |
_a811.009 _bم ر |
| 100 | 1 | _aمحمد الفارس | |
| 245 | 1 | 0 |
_aالرؤيا الابداعية فى شعر صلاح عبد الصبور / _cمحمد الفارس |
| 260 |
_aالقاهرة : _bالهيئة المصرية العامة للكتاب ، _c1986 |
||
| 300 |
_a167 ص ؛ _c24 سم |
||
| 490 | _a | ||
| 650 | 0 | 4 | _aالشعر العربى |
| 650 | 0 | 4 | _aالادب العربى |
| 650 | 0 | 4 | _aالعصر الحديث |
| 650 | 0 | 4 | _aدواوين وقصائد |
| 650 | 0 | 4 | _aصلاح عبدالصبور |
| 942 |
_2ddc _cBK |
||
| 999 |
_c30525 _d30525 |
||